STN EN 1032/A1: 2001 (01 1404) [neplatná], Mechanické kmitanie. Skúšanie mobilných strojov na stanovenie hodnoty emisí kmitania na telo človeka. Všeobecné ustanovenia. Zmena A1
Táto zmena STN EN 1032/A1: 2001 je identická s EN 1032: 1996/A1: 1998
| Main Author: | |
|---|---|
| Corporate Author: | |
| Other Authors: | |
| Format: | Book |
| Language: | Slovak English |
| PhysicalDescription: | 8 s. obr., tab. 30 cm |
| Published: |
Bratislava
Slovenský ústav technickej normalizácie
2001
|
| Subjects: |
MARC
| LEADER | 00000cam a2200000 a 4500 | ||
|---|---|---|---|
| 001 | vtls010679396 | ||
| 003 | SK-MaSNL | ||
| 005 | 20260302013639.0 | ||
| 008 | 160429s2001 xo a f u 000 0 slo | ||
| 015 | |a SNBN2015 | ||
| 020 | |c (cen. skup. 8) | ||
| 040 | |a SNK |b slo |e AACR2 |c SNK | ||
| 041 | 1 | |a slo |h eng | |
| 044 | |a xo |c SK | ||
| 046 | |a m |m 200102 (účin. ) |n [200402] (zruš.) | ||
| 072 | 7 | |a 534 |x Mechanické kmity. Akustika |2 konspekt | |
| 080 | |a 534:614 |2 2001 | ||
| 080 | |a 006.86 |2 2001 | ||
| 080 | |a (437.6) |2 2001 | ||
| 080 | |a (4) |2 2001 | ||
| 080 | |a (083) |2 2001 | ||
| 084 | |a 13.160 |2 ICS | ||
| 084 | |a 17.160 |2 2001 | ||
| 084 | |a 21.020 |2 2001 | ||
| 130 | 0 | |a STN 01 1404 (STN EN 1032/A1) [neplatná] |9 657252 | |
| 245 | 1 | 0 | |a STN EN 1032/A1: 2001 (01 1404) [neplatná], Mechanické kmitanie. Skúšanie mobilných strojov na stanovenie hodnoty emisí kmitania na telo človeka. Všeobecné ustanovenia. Zmena A1 |
| 246 | 1 | 0 | |a Mechanické kmitanie |
| 246 | 1 | 0 | |a Skúšanie mobilných strojov na stanovenie hodnoty emisií kmitania na telo človeka |
| 246 | 1 | 0 | |a Všeobecné ustanovenia |
| 246 | 3 | 0 | |a EN 1032: 1996/A1: 1998 |
| 260 | |a Bratislava |b Slovenský ústav technickej normalizácie |c 2001 | ||
| 300 | |a 8 s. |b obr., tab. |c 30 cm | ||
| 500 | |a Spracovateľ: ŽIARAN & DS MECHANICS, Stanislav Žiaran ; SÚTN Bratislava Robert Bendis | ||
| 500 | |a [Norma je nahradená normou STN EN 1032 z februára 2004] | ||
| 520 | 8 | |a Táto zmena STN EN 1032/A1: 2001 je identická s EN 1032: 1996/A1: 1998 | |
| 540 | |a STN vydané na akomkoľvek nosiči sa môžu rozmnožovať a rozširovať iba so súhlasom určenej právnickej osoby |b SÚTN Bratislava |c zákon 264/1999 Z. z. | ||
| 650 | 0 | 7 | |a mechanické kmitanie |x zdravotné aspekty |2 SNKPH |9 657253 |
| 650 | 0 | 7 | |a technické normy a štandardy |z Slovensko |2 SNKPH |9 79594 |
| 650 | 0 | 7 | |a technické normy a štandardy |z krajiny Európskej únie |2 SNKPH |9 289341 |
| 650 | 0 | 7 | |a Mechanical oscillation |x Health aspects |2 SNKPHeng |9 657254 |
| 655 | 7 | |a normy |2 SNKPH |9 70643 | |
| 700 | 1 | |a Žiaran, Stanislav, |d 1948- |4 trl |9 219147 | |
| 700 | 1 | |a Bendis, Robert |4 aut |9 323391 | |
| 710 | 2 | |a ŽIARAN & DS MECHANICS (Bratislava, Slovensko) |4 trl |9 321807 | |
| 710 | 2 | |a Slovenský ústav technickej normalizácie (Bratislava, Slovensko). |b Technická normalizačná komisia č. 21 Akustika a mechanické kmitanie |4 stn |9 657255 | |
| 774 | 1 | 8 | |t STN EN 1032: 1998 |d Bratislava: Slovenský ústav technickej normalizácie, 1998 |w vtls009728202 |
| 852 | |a Štátna vedecká knižnica v Banskej Bystrici | ||
| 958 | |a OP | ||
| 958 | |a NB | ||
| 999 | |c 1013828 |d 1015758 | ||
| 952 | |a SNK |b SNK |y PREZ |7 0 |p 17A1158049 |o snkSTN EN 1032/A1 |i snk2015/15737 |8 0 |0 0 |1 0 |4 0 |d 2015-05-15 |l 0 |r 2026-02-24 13:00:56 |w 2026-02-24 | ||
| 952 | |a SNK |b SNK |y PREZ |7 0 |p 17A1158048 |o snkSTN EN 1032/A1 D1 |i snk2015/15738 |8 0 |0 0 |1 0 |4 0 |d 2015-05-15 |l 0 |r 2026-02-24 13:00:56 |w 2026-02-24 | ||


